000 00444nam a22001937a 4500
003 MPLRDC
005 20220104153638.0
008 210129b ||||| |||| 00| 0 eng d
020 _a983-2812-03-8
082 _a868.71 LZS
100 _a黎紫书
245 _a花海无涯
_c
250 _a初版
260 _a
_b有人出版社
_c2004
300 _b
490 _a有人制作
650 _a马华文学
942 _cBK
_o868.71 LZS
999 _c53546
_d53536